| 000 | 01270cam a2200301 i 4500 | ||
|---|---|---|---|
| 001 | 13001 | ||
| 003 | Mx-PuUPA | ||
| 005 | 20250814074610.0 | ||
| 008 | 140415s1994 mx gr 000 i spa d | ||
| 040 |
_aMx-PuUPA _bspa _cMx-PuUPA _dMx-PuUPA _erda |
||
| 041 | 0 | _aspa | |
| 245 | 0 | 0 |
_aCarta a las familias del Papa Juan Pablo II _cIMDOSOC |
| 246 | 1 | 4 |
_aCartas a las familias del Papa Juan Pablo II : _b1994 año de la familia. |
| 264 | 1 |
_aMéxico, D.F. : _bAsociación Mexicana de Promoción y Cultursa Social, _c1994 |
|
| 300 |
_a103 páginas ; _c21 cm |
||
| 336 |
_2rdacontent _atexto _btxt |
||
| 337 |
_2rdamedia _asin medio _bn |
||
| 338 |
_2rdacarrier _avolumen _bnc |
||
| 650 | 7 |
_2armarc _aCartas pontificias |
|
| 650 | 7 |
_2armarc _aDocumentos pontificios |
|
| 650 | 7 |
_2armarc _aFamilia cristiana |
|
| 650 | 7 |
_2armarc _aIgleisa católica _xDoctrinas |
|
| 710 | 2 |
_aInstituto Mexicano de Doctrina Social Cristiana, _94427 _ecompilador |
|
| 775 | 0 |
_aInstituto Mexicano de Doctrina Social Cristiana, _dMéxico, D.F. : Asociación Mexicana de Promoción y Cultura Social, 1994 _h103 páginas ; 17 cm _tCarta a las familias del Papa Juan Pablo II / _w(Mx-PuUPA) 35072 |
|
| 942 |
_2ddc _cLI _h262.91 _iC25 |
||
| 999 |
_c13001 _d13001 |
||